How to prepare for group discussion and interview (Record no. 267)

MARC details
000 -LEADER
Fixed length control field 00559nam a2200193 4500
003 - CONTROL NUMBER IDENTIFIER
Control field SEACOMMC
005 - DATE AND TIME OF LATEST TRANSACTION
Control field 20231018104223.0
008 - FIXED-LENGTH DATA ELEMENTS--GENERAL INFORMATION
Fixed length control field 231018b |||||||| |||| 00| 0 eng d
020 ## - INTERNATIONAL STANDARD BOOK NUMBER / ISBN
Price Rs. 195.00
040 ## - CATALOGING SOURCE
Original cataloging agency SEACOMMC
082 ## - DEWEY DECIMAL CLASSIFICATION NUMBER
Classification number 407
Book Number PRA
100 1# - MAIN ENTRY--PERSONAL NAME
Personal name Prasad, Hari Mohan
245 1# - TITLE STATEMENT
Title How to prepare for group discussion and interview
Statement of responsibility Hari Mohan Prasad and Rajnish Mohan
250 ## - EDITION STATEMENT
Edition statement 2nd ed.
260 ## - IMPRINT
Place of publication New Delhi
Name of publisher Tata Mc Graw-Hill
Date of publication 2005
650 ## - SUBJECT ADDED ENTRY--TOPICAL TERM
Topical term Language
Form subdivision Education, research, related topics
700 1# - ADDED ENTRY--PERSONAL NAME
Personal name Mohan, Rajnish
942 ## - ADDED ENTRY ELEMENTS (KOHA)
Koha item type Books
Holdings
Withdrawn status Lost status Source of classification Damaged status Not for loan Home library Current library Date acquired Total Checkouts Call number Accession number Date last seen Price effective from Koha item type
    Dewey Decimal Classification     SEACOM MANAGEMENT COLLEGE SEACOM MANAGEMENT COLLEGE 06/09/2006   407 PRA 05437 18/10/2023 18/10/2023 Books
    Dewey Decimal Classification     SEACOM MANAGEMENT COLLEGE SEACOM MANAGEMENT COLLEGE 06/09/2006   407 PRA 05438 18/10/2023 18/10/2023 Books
© Seacom Engineering College, All rights reserved.    Powered by Koha